000 00971nam a2200265Ia 4500
003 OSt
005 20221005105215.0
006 a|||||r|||| 00| 0
007 ta
008 221004b |||||||| |||| 00| 0 hin d
020 _a9788183301890 (hbk)
_cINR 890.00
024 _a37006
037 _b380, 10/03/2018, Eastern Book Linkers
_cTextual
040 _aCRL
_cCRL
_bhin
041 _2hin
_ahin
082 _aL:3, 152Q7
100 _aशर्मा, रमा, ले.
245 0 _aमानव शरीर क्रिया विज्ञान
246 _aMānav sharīr kriyā vijnyāna
260 _aनई दिल्ली
_bअर्जुन पब्लिशिंग हाउस भारत
_c2017
300 _a220पृ0
_ccm.
650 _aआयुर्वेद औषधी
942 _hL:3, 152Q7
_cTEXL
_2cc
999 _c1015122
_d1015122